| 000 | 00000nam 2200000za 4500 |
| 001 | 9.844724 |
| 003 | CaOODSP |
| 005 | 20240730103001 |
| 007 | cr ||||||||||| |
| 008 | 170928s2000 onc|||||o||||f1|0 ||eng d |
| 020 | |z0-660-18174-6 |
| 040 | |aCaOODSP|beng |
| 043 | |an-cn--- |
| 086 | 1 |aCS11-522/1999E-PDF |
| 245 | 00|aSymposium 99 |h[electronic resource] : |bcombining data from different sources - proceedings. |
| 260 | |aOttawa : |bStatistics Canada, |c2000. |
| 300 | |aviii, 261 p. |
| 490 | 1 |aStatistics Canada international symposium series - proceedings|v1999 |
| 500 | |aIssued also in French under title: Symposium 99, Combiner des données de sources différentes : recueil. |
| 500 | |a"October 2000." |
| 500 | |aDigitized edition from print [produced by Statistics Canada]. |
| 504 | |aIncludes bibliographical references. |
| 520 | |a"Symposium 99 was the sixteenth in the series of international symposia on methodological issues sponsored by Statistics Canada. Each year the symposium focuses on a particular theme. In 1999, the theme was "Combining data from different sources"."--Preface, p. i. |
| 692 | 07|2gccst|aStatistics |
| 692 | 07|2gccst|aStatistical analysis |
| 692 | 07|2gccst|aSurveys |
| 710 | 2 |aStatistics Canada. |
| 775 | 08|tSymposium 99, Combiner des données de sources différentes |w(CaOODSP)9.846919 |
| 830 | #0|aStatistics Canada international symposium series - proceedings ;|v1999|w(CaOODSP)9.505681 |
| 856 | 40|qPDF|s26.35 MB|uhttps://publications.gc.ca/collections/collection_2017/statcan/CS11-522-1999-eng.pdf |